Konsolidierungswellen und Prognoseverhalten von Finanzanalysten eine empirische Untersuchung der M&A-Aktivität von US-amerikanischen Unternehmen
Gespeichert in:
| 1. Verfasser: | |
|---|---|
| Format: | Buch |
| Sprache: | Deutsch |
| Veröffentlicht: |
Wiesbaden
Springer Gabler
2016
|
| Schriftenreihe: | Research
|
| Schlagworte: | |
| Tags: |
Keine Tags, Fügen Sie das erste Tag hinzu!
|
MARC
| LEADER | 00000nam a2200000 4500 | ||
|---|---|---|---|
| 001 | 0235685 | ||
| 005 | 20240314090425.2 | ||
| 020 | |a 978-3-658-14581-1 | ||
| 041 | 0 | |a ger | |
| 044 | |a DE | ||
| 245 | 1 | 0 | |a Konsolidierungswellen und Prognoseverhalten von Finanzanalysten |b eine empirische Untersuchung der M&A-Aktivität von US-amerikanischen Unternehmen |c Stanislaw Schmal |
| 264 | 1 | |a Wiesbaden |b Springer Gabler |c 2016 | |
| 300 | |a 314 s. | ||
| 490 | 1 | |a Research | |
| 830 | 0 | |a Research | |
| 610 | 2 | 0 | |a podnik |
| 610 | 2 | 0 | |a rozhodovanie strategické |
| 610 | 2 | 0 | |a fúzie |
| 610 | 2 | 0 | |a akvizícia |
| 610 | 2 | 0 | |a hodnota podniku |
| 610 | 2 | 0 | |a aktivita hospodárska |
| 610 | 2 | 0 | |a konsolidácia |
| 610 | 2 | 0 | |a prognózy |
| 610 | 2 | 0 | |a analýza finančná |
| 610 | 2 | 0 | |a hypotézy |
| 610 | 2 | 0 | |a výskum |
| 100 | 1 | |a Schmal, Stanislaw | |